Correspondence of James K. Polk, Volume XI, 1846 (Record no. 9605)

MARC details
000 -LEADER
fixed length control field 00597nam a2200121Ia 4500
008 - FIXED-LENGTH DATA ELEMENTS--GENERAL INFORMATION
fixed length control field 220615s9999||||xx |||||||||||||| ||und||
100 ## - MAIN ENTRY--PERSONAL NAME
Personal name Wayne Cutler (Ed.)
245 #0 - TITLE STATEMENT
Title Correspondence of James K. Polk, Volume XI, 1846
546 ## - LANGUAGE NOTE
Language note English[eng]
650 ## - SUBJECT ADDED ENTRY--TOPICAL TERM
Topical term or geographic name entry element Tennessee--Governors--Correspondence||James Knox Polk||United States--Politics and government--1845-1849--Sources||1795-1849||Tennessee--Politics and government--To 1865--Sources||Presidents--United States--Correspondence||Pres. U.S.
856 ## - ELECTRONIC LOCATION AND ACCESS
Uniform Resource Identifier <a href="http://trace.tennessee.edu/cgi/viewcontent.cgi?article=1001&context=utk_polk">http://trace.tennessee.edu/cgi/viewcontent.cgi?article=1001&context=utk_polk</a>
942 ## - ADDED ENTRY ELEMENTS (KOHA)
Koha item type E-Books
Holdings
Withdrawn status Lost status Damaged status Not for loan Home library Current library Date acquired Total Checkouts Date last seen Price effective from Koha item type
        Kerala University of Digital Sciences, Innovation and Technology Knowledge Centre Kerala University of Digital Sciences, Innovation and Technology Knowledge Centre 15/06/2022   15/06/2022 15/06/2022 E-Books